| 000 | 01059cad a22002175a 4500 | ||
|---|---|---|---|
| 001 | L153591 | ||
| 008 | 110808s2011 xxk 000 0 eng d | ||
| 035 | _a(Sirsi) u153591 | ||
| 041 | 0 | _aeng | |
| 100 | 1 | _aHowells, Lorraine | |
| 245 | 0 | 0 | _aDoes the VRS apply to me? |
| 260 | _c2011 | ||
| 490 | 0 |
_aRICS Commercial Property Journal _vMay-June 2011, 19(1) |
|
| 520 | _aClarifies some of the points raised by RICS members about the new RICS Valuer Registration Scheme, membership of which becomes mandatory for RICS members wishing to carry out Red Book valuations in the UK from 30 April 2011. Lists the kinds of valuation work for which registration is not obligatory. Registered valuers will designate themselves 'RICS Registered Valuer'. | ||
| 590 | _aKA | ||
| 650 | 2 | 4 | _aRICS VALUER REGISTRATION SCHEME |
| 651 | 4 |
_aUnited Kingdom _y |
|
| 690 | _aPROPERTY-PROPERTY VALUATION AND APPRAISAL | ||
| 856 | 4 | 0 |
_uhttps://www.rics.org/site/scripts/documents.aspx?categoryID=316 _zRICS members can view this article free of charge at www.rics.org |
| 942 | _n0 | ||
| 999 |
_c83330 _d83330 |
||